| 000 | 00624nam a22001937a 4500 | ||
|---|---|---|---|
| 003 | 0 | ||
| 005 | 20260119085016.0 | ||
| 008 | 260119b xxu||||| |||| 00| 0 eng d | ||
| 020 | _a978-971-630-184-7 | ||
| 050 |
_aFIL 398.6 _bRe333 2014 |
||
| 082 |
_aFIL 398.6 _bRe333 2014 |
||
| 100 | _aRemigio, Ompong | ||
| 245 |
_aAba! ano ang bunga? _cmabubungang bugtong ni Ompong Remegio; inilarawan ni Mon Pineda |
||
| 260 |
_aManila : _bTahanan Books for Young Readers, _c2014. |
||
| 300 |
_a36 pages : _bcolored illustrations ; _c23 cm. |
||
| 650 | _aRiddles, Filipino. | ||
| 700 |
_aPineda, Mon, _eillustrator. |
||
| 942 |
_2ddc _cBK |
||
| 999 |
_c368744 _d368744 |
||